000 00204nam a2200085 4500
999 _c518139
_d518139
100 _aRajasthan. Swayat Shasan Vibhag
_99908
245 _aAnnual report, 2020-21
260 _a2021
_bThe author
300 _a81p.